00390nam a2200145Ia 4500008004100000040001900041041001200060082002600072100001700098245003400115260003400149300002500183650001600208850002000224131103s9999 xx 000 0 und d aLoreto College aEnglish a510.7/WHIbLCBED/3365 aWhitney, T H aUse your resultscT H Whitney aLondonbFrederick Warnec1960 a60p.b ills.c 31cm. aMathematics aLCBED/510.7/WHI